| 000 | 01567nam0a22003611 4500 | ||
|---|---|---|---|
| 001 | rc\514298 | ||
| 005 | 20260412063247.0 | ||
| 035 | _a(NLR Aleph) 005754078 | ||
| 090 |
_a4870639 _c4870639 |
||
| 100 | _a20030616d1987 |||y0rusy50 ca | ||
| 101 | 0 | _arus | |
| 102 | _aRU | ||
| 105 | _ay ||||||||| | ||
| 200 | 1 |
_aНовеллы _eПер. с фр. _fГи де Мопассан |
|
| 210 |
_aКазань _cТатар. кн. изд-во _d1987 |
||
| 215 |
_a237, [2] с. _d22 |
||
| 327 | 0 | _aСодерж.: Пышка; Папа Симона; Мадмуазель Фифи; Два друга; Помешанная; В море; Завещание; В полях; Лунный свет; Наследство, и др. новеллы | |
| 464 | 0 |
_12001#$aПышка _tПышка |
|
| 464 | 0 |
_12001#$aПапа Симона _tПапа Симона |
|
| 464 | 0 |
_12001#$aМадмуазель Фифи _tМадмуазель Фифи |
|
| 464 | 0 |
_12001#$aДва друга _tДва друга |
|
| 464 | 0 |
_12001#$aПомешанная _tПомешанная |
|
| 464 | 0 |
_12001#$aВ море _tВ море |
|
| 464 | 0 |
_12001#$aЗавещание _tЗавещание |
|
| 464 | 0 |
_12001#$aВ полях _tВ полях |
|
| 464 | 0 |
_12001#$aЛунный свет _tЛунный свет |
|
| 464 | 0 |
_12001#$aНаследство _tНаследство |
|
| 700 | 1 |
_4070 _8rus _7ca _aМопассан _bГ. де _f1850-1893 _gГи де _3RU\NLR\auth\7713484 _9123173 |
|
| 801 | 0 |
_aRU _bNLR _gpsbo |
|
| 801 | 1 |
_aRU _bELAR _2rusmarc |
|
| 852 |
_aNLR _j87-5/1011 |
||
| 942 | _cBOOK | ||
| 980 | _aNB | ||